Länder in denen Buchstaben mehrfach vorkommen A-Z - Statistiken

Allgemein
  • Dieses Quiz wurde 574 mal gespielt
  • Das Durchschnittsergebnis liegt bei 10 aus 18
Antwortstatistiken
Hint Antwort % Korrekt
A Afghanistan | Albanien | Andorra | +60
99%
E Algerien | Argentinien | Armenien | +38
83%
I Äquatorial-Guinea | Argentinien | Äthiopien | +31
82%
D Antigua und Barbuda | Deutschland | Niederlande | +4
70%
N Afghanistan | Albanien | Antigua und Barbuda | +39
66%
O Bosnien und Herzegowina | Demokratische Republik Kongo | Föderierte Staaten von Mikronesien | +15
62%
U Antigua und Barbuda | Äquatorial-Guinea | Burundi | +9
59%
B Antigua und Barbuda | Barbados | Simbabwe
58%
T Föderierte Staaten von Mikronesien | Lettland | Liechtenstein | +9
54%
P Papua-Neuguinea | Philippinen | São Tomé und Principe
54%
S Aserbaidschan | Föderierte Staaten von Mikronesien | Guinea-Bissau | +8
53%
G Georgien | Vereinigtes Königreich
49%
L El Salvador | Lettland | Marshallinseln | +2
46%
C Costa Rica | Tschechien
45%
R Andorra | Demokratische Republik Kongo | Eritrea | +8
41%
M Mosambik | Myanmar
31%
K Demokratische Republik Kongo | Dominikanische Republik | Marokko | +2
30%
H Tschechien
22%
Keine übereinstimmenden Quizze gefunden
Verteilung der Resultate
Anzahl Personen mit jedem Resultat
Perzentil nach korrekt beantworteten Fragen
Ihre Resultats-Entwicklung
Sie haben dieses Quiz noch nicht gespielt